| LDR | | 00000nam c2200205 k 4500 |
| 001 | | 000000341314 |
| 005 | | 20260416091830 |
| 007 | | ta |
| 008 | | 260407s2019 ggkad r 001a kor |
| 020 | |
▼a 9788925413723
▼g 93370 :
▼c \20000(합산가) |
| 040 | |
▼a 248032
▼c 248032
▼d 248032 |
| 049 | 0 |
▼l EM111948
▼v 1
▼l EM111949
▼v 1
▼c 2 |
| 056 | |
▼a 370.713
▼2 4 |
| 090 | |
▼a 370.713
▼b 나57ㄱ2 |
| 245 | 20 |
▼a (예비교사를 위한) 교육실습 가이드 /
▼d 나승일,
▼e 이명훈,
▼e 박미화,
▼e 한홍진,
▼e 김인곤,
▼e 임호권,
▼e 황영덕 공저 |
| 250 | |
▼a 2판 |
| 260 | |
▼a 파주 :
▼b 교육과학사,
▼c 2019 |
| 300 | |
▼a 347 p. :
▼b 삽화, 표 ;
▼c 23 cm |
| 504 | |
▼a 참고문헌(p. 342-344) 및 색인(p. 345-347) 수록 |
| 525 | |
▼a 권말부록 : 예비교사 수업시연 심사표 ; 동료 수업 참관 체크리스트 예시 ; 교수학습 지도안 예시 ; 교육실습일지 작성시 유의사항 등 |
| 653 | |
▼a 예비교사
▼a 교육실습
▼a 교과지도실습
▼a 교직실무실습 |
| 700 | 1 |
▼a 나승일,
▼e 저 |
| 700 | 1 |
▼a 이명훈,
▼e 공저 |
| 700 | 1 |
▼a 박미화,
▼e 공저 |
| 700 | 1 |
▼a 한홍진,
▼e 공저 |
| 700 | 1 |
▼a 김인곤,
▼e 공저 |
| 700 | 1 |
▼a 임호권,
▼e 공저 |
| 700 | 1 |
▼a 황영덕,
▼e 공저 |
| 950 | 0 |
▼b \20000(합산가) |
| 990 | |
▼a 관리자2
▼b 관리자2 |